Solicitors' Accounts 2009-2010 : (Record no. 605896)

MARC details
000 -LEADER
fixed length control field 00470nam a2200193 a 4500
008 - FIXED-LENGTH DATA ELEMENTS--GENERAL INFORMATION
fixed length control field 251229s2009##################000#0#eng##
020 ## - INTERNATIONAL STANDARD BOOK NUMBER
ISBN 9780199574643
082 04 - DEWEY DECIMAL CLASSIFICATION NUMBER
Classification number 657
Item number KAY
100 1# - MAIN ENTRY--AUTHOR NAME
Personal name Kay, Dale,
245 10 - TITLE STATEMENT
Title Solicitors' Accounts 2009-2010 :
260 ## - PUBLICATION, DISTRIBUTION, ETC. (IMPRINT)
Name of publisher Oxford University Press,
Year of publication 2009.
300 ## - PHYSICAL DESCRIPTION
Number of Pages 284 pages
650 #0 - SUBJECT ADDED ENTRY--TOPICAL TERM
Topical Term Law.
942 ## - ADDED ENTRY ELEMENTS (KOHA)
Koha item type English Books
Holdings
Withdrawn status Lost status Damaged status Not for loan Home library Current library Shelving location Date acquired Full call number Accession Number Price effective from Koha item type
        Anna Centenary Library Anna Centenary Library 6TH FLOOR, A WING 29.12.2025 657 KAY 153280 29.12.2025 English Books

Find us on the map